| 000 | 00505cam a2200181ua 4500 | ||
|---|---|---|---|
| 001 | 22590 | ||
| 008 | 180307n II |||gr||||Z||||||eng | ||
| 040 | _aMAIN | ||
| 041 | _aEnglish | ||
| 100 |
_aSRIVASTAVA, S.K., _eAUTHOR. |
||
| 245 | 1 | _aDATA STRUCTURES THROUGH C IN DEPTH | |
| 260 |
_aNEW DELHI: _bBPB PUBLISHERS, _c2011. |
||
| 300 |
_a525: _c21CM+ _ePB. |
||
| 500 | _aRUSA MDC GRANT 2014-2017 | ||
| 653 | _aData Structure and Computer Language | ||
| 700 |
_aSRIVASTAVA, DIPALI, _eAUTHOR. |
||
| 942 | _cBK | ||
| 999 |
_c22450 _d22450 |
||